Computer communication networks (Record no. 177456)

000 -LEADER
fixed length control field 00364nam a2200133Ia 4500
008 - FIXED-LENGTH DATA ELEMENTS--GENERAL INFORMATION
fixed length control field 220217s9999||||xx |||||||||||||| ||und||
020 ## - INTERNATIONAL STANDARD BOOK NUMBER
International Standard Book Number 81-317-1543-4
082 ## - DEWEY DECIMAL CLASSIFICATION NUMBER
Classification number 004.65 MIR
100 ## - MAIN ENTRY--PERSONAL NAME
Personal name Mir, Nader, F
245 #0 - TITLE STATEMENT
Title Computer communication networks
260 ## - PUBLICATION, DISTRIBUTION, ETC.
Place of publication, distribution, etc. Pearson education of asia
Name of publisher, distributor, etc. New Delhi
Date of publication, distribution, etc. 2007
300 ## - PHYSICAL DESCRIPTION
Other physical details 425
650 ## - SUBJECT ADDED ENTRY--TOPICAL TERM
Topical term or geographic name entry element COMPUTER NETWORK
Holdings
Withdrawn status Lost status Damaged status Not for loan Collection code Home library Current library Date acquired Total Checkouts Full call number Barcode Date last seen Date last checked out Price effective from Koha item type
        Computer Science and Engineering Central Library Central Library 02/18/2022 2 004.65 MIR 12645 02/24/2023 01/31/2023 02/18/2022 Books

Powered by Koha